Deutsche Inseln - Statistiken

Allgemein
  • Dieses Quiz wurde 1.043 mal gespielt
  • Das Durchschnittsergebnis liegt bei 11 aus 20
Antwortstatistiken
Fläche (qkm) Region Name % Korrekt
99,2 Nordfriesland Sylt
95%
926 Ostsee Rügen
92%
373 Ostsee Usedom
72%
30,7 Ostfriesland Borkum
71%
26,3 Ostfriesland Norderney
70%
185,4 Ostsee Fehmarn
67%
20,4 Nordfriesland Amrum
66%
82,9 Nordfriesland Föhr
64%
19,7 Ostfriesland Langeoog
63%
18,2 Ostfriesland Spiekeroog
59%
16,4 Ostfriesland Juist
58%
7,9 Ostfriesland Wangerooge
57%
6,5 Ostfriesland Baltrum
52%
16,7 Ostsee Hiddensee
39%
37,4 Nordfriesland Pellworm
39%
5,9 Nordfriesland Hooge
30%
34,3 Ostsee Poel
30%
11,6 Nordfriesland Langeneß
18%
19,6 Ostsee Ummanz
11%
9,4 Nordfriesland Norderoogsand
8%
Keine übereinstimmenden Quizze gefunden
Verteilung der Resultate
Anzahl Personen mit jedem Resultat
Perzentil nach korrekt beantworteten Fragen
Ihre Resultats-Entwicklung
Sie haben dieses Quiz noch nicht gespielt